000 00680nam a2200229 4500
001 117334
003 ES-MaACL
005 20250811223821.0
007 t|
008 071121s1956 sp af |||| | spa d
080 _a745.034.7(084)
100 1 _aPeñalver, Antonio.
_990305
245 1 0 _aOrnamento barroco /
_c34 láminas originales de Antonio Peñalver y J. Félix.
250 _a1ª ed.
260 _aValencia :
_bPeñafel,
_c1956.
300 _a2 h., 34 lám. :
_bil. ;
_c34 cm.
650 4 _aDecoración y ornamentación.
_9146968
650 0 7 _aArte barroco
_2embne
_910160
700 1 _aFélix, J.
_949210
852 _aES-MaACL
_jC-12358
999 _c117334
_d117334